Normal view
MARC view
- Shahid Aziz Khan Osama Ali Khan Muhammad Sohaib Haris Naeem Abbasi
Entry Personal Name
001 - CONTROL NUMBER
- control field: 71233
003 - CONTROL NUMBER IDENTIFIER
- control field: NUST
005 - DATE AND TIME OF LATEST TRANSACTION
- control field: 20210628204618.0
008 - FIXED-LENGTH DATA ELEMENTS
- fixed length control field: 210628|| aca||aabn | a|a d
040 ## - CATALOGING SOURCE
- Original cataloging agency: NUST
- Transcribing agency: NUST
100 ## - HEADING--PERSONAL NAME
- Personal name: Shahid Aziz Khan Osama Ali Khan Muhammad Sohaib Haris Naeem Abbasi
670 ## - SOURCE DATA FOUND
- Source citation: Work cat.: (NUST): Shahid Aziz Khan Osama Ali Khan Muhammad Sohaib Haris Naeem Abbasi, PR-SOF-1749-LOW COST EFFICIENT DEPTH SOUNDING USING MICRO-CONTROLLER BASED SOLUTION, 2018
